000 00542nam a2200205Ia 4500
003 OSt
005 20230608101601.0
008 210423s2007 xx 000 0 und d
040 _cAL
041 _aeng
082 _a307.72
_223
_b VERR
100 _aVERMA (S B)
_9122267
245 _aRural health care and housing
260 _aNew Delhi
_bDeep and deep publication
_c2007
365 _b800
_cINR
650 _aRural Communities
_9122268
650 _aSociology
_9122269
906 _acare ; health ; housing ; Rural
942 _2ddc
_cBK
999 _c175209
_d175209